Culture of social service (Record no. 35888)

MARC details
000 -LEADER
fixed length control field 00376nam a2200145Ia 4500
008 - FIXED-LENGTH DATA ELEMENTS--GENERAL INFORMATION
fixed length control field 230917s9999||||xx |||||||||||||| ||und||
040 ## - CATALOGING SOURCE
-- 124912
Original cataloging agency VIVEKANANDA LIBRARY
041 ## - Language
-- English
082 ## - DDC NUMBER
Classification number 361 K123C
100 ## - MAIN ENTRY--PERSONAL NAME
Personal name Kakabadse, Andrew
245 #0 - TITLE STATEMENT
Title Culture of social service
260 ## - PUBLICATION, DISTRIBUTION, ETC. (IMPRINT)
Place of publication, distribution, etc England
Name of publisher, distributor, etc Gower Publishing Company Limited
Date of publication, distribution, etc 1982
300 ## - PHYSICAL DESCRIPTION
Pages xi p. ; 199p.
942 ## - ADDED ENTRY ELEMENTS (KOHA)
Koha item type Books
Holdings
Withdrawn status Lost status Damaged status Not for loan Location (home branch) Sublocation or collection (holding branch) Date acquired Koha issues (times borrowed) Koha full call number Accession No. Koha date last seen Koha item type
        VIVEKANANDA LIBRARY VIVEKANANDA LIBRARY 06/09/2009   361 K123C 101269 17/09/2023 Books
© Designed and Maintained by Vivekananda Library, MDU Rohtak